LEADER 01064cam0-22003371i-450- 001 990007830490403321 005 20070907114722.0 010 $a88-464-4404-3 035 $a000783049 035 $aFED01000783049 035 $a(Aleph)000783049FED01 035 $a000783049 100 $a20031013d2003----km-y0itay50------ba 101 0 $aita 102 $aIT 105 $aa-------001yy 200 1 $aAnalisi di sistemi e progetti di paesaggio$fVittorio Amadio 210 $aMilano$cFrancoAngeli$d©2003 215 $a236 p.$cill.$d23 cm 225 1 $aOasi$fDipartimento di progettazione per la città, il paesaggio e il territorio dell'Università Mediterranea di Reggio Calabria$v1 676 $a712.3$v21$zita 700 1$aAmadio,$bVittorio$f<1952- >$0148837 801 0$aIT$bUNINA$gRICA$2UNIMARC 901 $aBK 912 $a990007830490403321 952 $aCollez. 2024 (1)$b39693$fFSPBC 952 $aB2 SOP I 30$b03859$fDINST 959 $aDINST 959 $aFSPBC 996 $aAnalisi di sistemi e progetti di paesaggio$9513371 997 $aUNINA LEADER 01138nam2-2200385---450- 001 990002818820203316 005 20061013132149.0 035 $a000281882 035 $aUSA01000281882 035 $a(ALEPH)000281882USA01 035 $a000281882 100 $a20060926d1981----km-y0itay50------ba 101 $agrc 102 $aGR 105 $aa---||||001yy 200 1 $a<<1.2>> : Proistorikoi kai archaioi chronoi 210 $aAthena$c[s.n.]$d1981 215 $aP. 401-688, p. di tav. 106-212$cill.$d24 cm 410 0$12001 454 1$12001 461 1$1001000281875$12001 607 $aCreta $xCivilta$ycongressi$z1976 676 $a939.1 710 02$aDiethnes kretologiko synedrio <4. ; 1976 ; Erakleio>$0594865 801 0$aIT$bsalbc$gISBD 912 $a990002818820203316 951 $aI AP KS 4/1b$b3063 DBC$cI AP 959 $aBK 969 $aDBC 979 $aDBC$b90$c20060926$lUSA01$h1024 979 $aDBC$b90$c20060926$lUSA01$h1027 979 $aDBC$b90$c20060926$lUSA01$h1031 979 $aDBC$b90$c20061013$lUSA01$h1321 996 $aProistorikoi kai archaioi chronoi$9994672 997 $aUNISA LEADER 01330nam--2200409---450- 001 990003605660203316 005 20111216092909.0 010 $a978-88-8247-297-9 035 $a000360566 035 $aUSA01000360566 035 $a(ALEPH)000360566USA01 035 $a000360566 100 $a20111216d2011----km-y0itay50------ba 101 0 $aita 102 $aIT 105 $a||||||||001yy 200 1 $aBibliografia di Girolamo Ruscelli$ele edizioni del Cinquecento$fAntonella Iacono$gPaolo Procaccioli$gAntonella Gregori 210 $aManziana$cVecchiarelli$d2011 215 $aXLIV, 315 p.$d30 cm 225 2 $aCinquecento$v39 300 $aIn appendice: Saggio di censimento delle edizioni dei Secreti 410 0$12001$aCinquecento$v39 600 1$aRuscelli,$bGirolamo $xBiografie$2BNCF 676 $a856.3 700 1$aIACONO,$bAntonietta$08821 702 1$aPROCACCIOLI,$bPaolo 702 1$aGREGORI,$bAntonella 801 0$aIT$bsalbc$gISBD 912 $a990003605660203316 951 $aV.3.B. 445$b233872 L.M.$cV.3.B.$d00281669 959 $aBK 969 $aUMA 979 $aPASSARO$b90$c20111216$lUSA01$h0923 979 $aPASSARO$b90$c20111216$lUSA01$h0926 979 $aPASSARO$b90$c20111216$lUSA01$h0929 996 $aBibliografia di Girolamo Ruscelli$91137176 997 $aUNISA LEADER 01230nam1 22003493i 450 001 PUV0479365 005 20251003044314.0 100 $a19991111d1937 ||||0itac50 ba 101 | $aita 102 $ait 181 1$6z01$ai $bxxxe 182 1$6z01$an 200 1 $aDiritto amministrativo$fCino Vitta 205 $a2. ed. aggiornata 210 $aTorino$cUnione Tipografico-Editrice Torinese$d1937 215 $a2 v.$d25 cm. 314 $aSC/MIL 26/02/98$9RAVV064138 463 1$1001PUV0479378$12001 $aˆ1: ‰Parte generale$fCino Vitta$v1 463 1$1001PUV0479379$12001 $aˆ2: ‰Parte speciale$fCino Vitta$v2 676 $a342.45$9DIRITTO COSTITUZIONALE E AMMINISTRATIVO.$v22 676 $a342.4506$9POTERE ESECUTIVO. ITALIA$v20 700 1$aVitta$b, Cino$3RAVV064138$4070$0226112 801 3$aIT$bIT-000000$c19991111 850 $aIT-BN0095 $aIT-NA0523 901 $bNAP 01$cV $n$ 901 $bNAP DM$cS.CONVEGNI$n$ 912 $aPUV0479365 950 1$aBiblioteca Centralizzata di Ateneo$d 01V (S) 000 746$d 01V (S) 000 757 967 $m2 977 $a 01$a DM 996 $aDiritto amministrativo$9270461 997 $aUNISANNIO